000 00663nam a2200205Ia 4500
003 IN-BaIIA
008 211028s9999 xx 000 0 eng d
020 _a9399-241-12501
040 _cIIA Library
080 _a(035)621.38
_bPDH-70:2
110 _aPhilips Gloeilanapenfabrieken
_96241
245 0 _aPhillps data and Handbook
_bpt. 2, electron tubes-tubes for microwave equipment
_cPhilips Gloeilanapenfabrieken
260 _aNetherland
_bTechnical Publications Department
_c1970
300 _a[various pagings.]
650 _aElectron Tubes
650 _aElectronics
_91576
650 _aImage Detector Tubes
_96242
650 _aNASA Thesaurus
942 _cBK
999 _c3525
_d3525